000 01318nam a2200349 a 4500
001
003 OSt
005 20210608073716.0
008 100514s2010 dr c 000 0 spa d
020 _a9789945871401
040 _aBPMSU
_bspa
_cBPMSU
082 _a923.27293
_bB742j B
_222
100 1 _aBecerril Valencia, Jesús Adolfo
245 1 0 _aJuan Bosch :
_buna vida por la democracia /
_cJesús Adolfo Becerril Valencia ; corrección, diagramación y e edición Modesto E. Cuesta ; presentación Franklin Franco.
260 _aSanto Domingo :
_bFUNGLODE,
_c2010.
300 _a461 p. :
_bretrs. ;
_c23 cm.
500 _aIncluye índice onomástico
500 _aIncluye datos biográficos del autor en la contracubierta
504 _aIncluye referencias bibliográficas y notas al pie de las páginas
504 _aBibliografía : p. 433-452
590 _6Inventariado, 2021/VM
600 1 4 _aBosch, Juan,
_d1909-2001
_91
650 4 _aRepública Dominicana
_xExilio
_ySiglo XX
650 4 _aDemocracia
_zRepública Dominicana
651 4 _aRepública Dominicana
_xPolítica y Gobierno
651 4 _aRepública Dominicana
_xHistoria
_y1963-1965
700 1 _aCuesta, Modesto E.,
700 1 _aFranco, Pichardo
710 2 _aFundación Global Democracía y Desarrollo
910 _aVMateo
942 _2ddc
_cBK
999 _c13561
_d13561